01119 2200325 4500001002100000005001500021035002000036007000300056008004100059040002200100100002600122245008400148300003100232020002200263082001700285084001900302264004400321336002100365337002300386338003800409500006900447538007600516650002000592700002900612850001200641852002000653856007600673990002200749990002200771INLIS00000000086192220210706022944 a0010-0721000157ta210706t2013 jki g 1 ind d aYOPDYOGbindcrda0 aErri Subaktiepenulis10aThe smiling death :bsenyuman berbisa /cpenulis, Erri Subakti, Arimbi Bimoseno a1 berkas komputer (3,1 MB) a978-602-02-2404-604223a899.2213 a899.2213 ERI s31aJakarta :bElex Media Komputindo,c2013 2rdacontentateks 2rdamediaakomputer 2rdacarrierasumber sambung jaring aUntuk mengakses buku ini silakan unduh aplikasi http://ijogja.id aAndroid : versi 4.0 atau di atasnya, memori 1 GB, layar tampilan 4-inch 4aFiksi Indonesia0 aArimbi Bimosenoepenulis aYOPDYOG8 aaplikasi iJogja40nPerpustakaan Digital iJogjauhttp://ijogja.id /publications/books/14023 a000527-EPD/B.2016 a000528-EPD/B.2016